000 00815na a2200289 4500
001 18967
003 MIRAKIL
005 20181213155050.0
008 161206b tu 000 0
020 _a975661286X
040 _aMilas
_btur
_cTR-AnCHP
041 _atur
082 _a923.3 Baytaş, K.
_bB29b 2002
090 _a923.3 Baytaş,K. B29b 2002
100 _aBaytaş, Kemal
245 _aBir bürokrat ... ve devlet baba
_cKemal Baytaş
246 _aBir bürokrat ve devlet baba
250 _a2. bs.
260 _aİstanbul
_bDoğan Kitapçılık
_c2002
300 _a196 s.
_c23 sm.
500 _aYapıt yazarından imzalıdır.
504 _aDizin var.
600 _aBaytaş, Kemal
_cBürokrat
_xAnılar
650 _aDiplomatlar
_xAnılar
650 _aMemurlar
_xAnılar
942 _2ddc
_cBKS
999 _c5909
_d5909